| 000 | 00913nam a2200121Ia 4500 | ||
|---|---|---|---|
| 008 | 220620s9999||||xx |||||||||||||| ||und|| | ||
| 245 | 0 | _aZnO Nanostructures for Tissue Regeneration, Drug-Delivery and Theranostics Applications | |
| 546 | _aEnglish[eng] | ||
| 650 | _aZnO nanoparticles||Quantum dots||theranostic||drug delivery||anti-tumour||diabetes treatment||anti-inflammation||antibacterial||antifungal||wound healing||denture stomatitis||polymethylmethacrylate||zinc oxide nanoparticles||Candida albicans||mesoporous glasses||ZnO-additions||osteostatin loading||osteosteoblast cell cultures||osteogenic effect||zinc oxide||microwave solvothermal synthesis||hydrodynamic size||surface chemistry||nanocrystals||cell cytotoxicity||Supercritical CO2||ibuprofen||NsZnO||antimicrobial activity||n/a | ||
| 700 | _aCauda, Valentina||Laurenti, Marco | ||
| 856 | _uhttps://mdpi.com/books/pdfview/book/3538 | ||
| 942 | _cEB | ||
| 999 |
_c34180 _d34180 |
||